Western political thought in dialogue with Asia / (Record no. 20242)
[ view plain ]
| 000 -LEADER | |
|---|---|
| fixed length control field | 02601cam a22003495a 4500 |
| 001 - CONTROL NUMBER | |
| control field | 15350258 |
| 005 - DATE AND TIME OF LATEST TRANSACTION | |
| control field | 20160211110727.0 |
| 008 - FIXED-LENGTH DATA ELEMENTS--GENERAL INFORMATION | |
| fixed length control field | 080701t2009 mdu frb 001 0 eng d |
| 020 ## - INTERNATIONAL STANDARD BOOK NUMBER | |
| International Standard Book Number | 9780739123782 (cloth : alk. paper) |
| 020 ## - INTERNATIONAL STANDARD BOOK NUMBER | |
| International Standard Book Number | 0739123785 (cloth : alk. paper) |
| 040 ## - CATALOGING SOURCE | |
| Original cataloging agency | DLC |
| Transcribing agency | DLC |
| Modifying agency | YDX |
| -- | YDXCP |
| -- | BTCTA |
| -- | CDX |
| -- | BWX |
| -- | DLC |
| -- | EG-ScBUE |
| Language of cataloging | eng |
| 043 ## - GEOGRAPHIC AREA CODE | |
| Geographic area code | a------ |
| -- | ew----- |
| 082 04 - DEWEY DECIMAL CLASSIFICATION NUMBER | |
| Classification number | 320.01 |
| Edition number | 22 |
| Item number | WES |
| 245 00 - TITLE STATEMENT | |
| Title | Western political thought in dialogue with Asia / |
| Statement of responsibility, etc | edited by Takashi Shogimen and Cary J. Nederman. |
| 260 ## - PUBLICATION, DISTRIBUTION, ETC. (IMPRINT) | |
| Place of publication, distribution, etc | Lanham : |
| Name of publisher, distributor, etc | Lexington Books / Rowman & Littlefield Publishers, |
| Date of publication, distribution, etc | c.2009. |
| 300 ## - PHYSICAL DESCRIPTION | |
| Extent | vi, 330 p. ; |
| Dimensions | 24 cm. |
| 490 0# - SERIES STATEMENT | |
| Series statement | Global encounters: studies in comparative political theory |
| 500 ## - GENERAL NOTE | |
| General note | Index : p. 321-236. |
| 504 ## - BIBLIOGRAPHY, ETC. NOTE | |
| Bibliography, etc | Bibliography : p. 315-319. |
| 505 0# - FORMATTED CONTENTS NOTE | |
| Formatted contents note | Comparative political theory : what is it good for? / Fred Dallmayr -- Toward a global history of political thought / Antony Black -- Varieties of dialogue : dialogical models of intercultural communication in medieval inter-religious writings / Cary J. Nederman -- Asia and the moral geography of European enlightenment political thought c. 1600-1800 / Bruce Buchan -- The ebb and flow of peoples, ideas and innovations in the river of inter-civilizational relations : toward a global history of political thought / Brett Bowden -- Viewing Islam through enlightenment eyes / Vicki A. Spencer -- Dealing with inequality : a conversation with Islamic economics / Philip Nel -- Islamic responses to Europe at the dawn of colonialism / Nelly Lahoud -- From political thought in India to Indian political thought / Anthony J. Parel -- Indian alternations : Aurobindo, Ambedkar and after / Makarand Paranjape -- Chinese conceptions of the state during the late Qing Dynasty (1860-1911) / Peter Zarrow -- Is there a Confucian perspective on social justice? / Joseph Chan -- Imagining the body politic : metaphor and political language in late medieval Europe and Tokugawa Japan / Takashi Shogimen -- Meiji intelligentsia's riposte / Alistair Swale. |
| 650 #0 - SUBJECT ADDED ENTRY--TOPICAL TERM | |
| Topical term or geographic name as entry element | Political science |
| Geographic subdivision | Asia |
| General subdivision | History. |
| Source of heading or term | BUEsh |
| 650 #0 - SUBJECT ADDED ENTRY--TOPICAL TERM | |
| Topical term or geographic name as entry element | Political science |
| Geographic subdivision | Europe, Western |
| General subdivision | History. |
| Source of heading or term | BUEsh |
| 650 #0 - SUBJECT ADDED ENTRY--TOPICAL TERM | |
| Topical term or geographic name as entry element | Political science |
| General subdivision | Philosophy. |
| Source of heading or term | BUEsh |
| 650 #7 - SUBJECT ADDED ENTRY--TOPICAL TERM | |
| Topical term or geographic name as entry element | Comparative government. |
| Source of heading or term | BUEsh |
| 9 (RLIN) | 6707 |
| 650 #7 - SUBJECT ADDED ENTRY--TOPICAL TERM | |
| Topical term or geographic name as entry element | Globalization |
| General subdivision | Political aspects. |
| Source of heading or term | BUEsh |
| 9 (RLIN) | 3902 |
| 651 #0 - SUBJECT ADDED ENTRY--GEOGRAPHIC NAME | |
| Geographic name | Europe, Western |
| General subdivision | Relations |
| Geographic subdivision | Asia. |
| Source of heading or term | BUEsh |
| 651 #0 - SUBJECT ADDED ENTRY--GEOGRAPHIC NAME | |
| Geographic name | Asia |
| General subdivision | Relations |
| Geographic subdivision | Europe, Western. |
| Source of heading or term | BUEsh |
| 653 ## - INDEX TERM--UNCONTROLLED | |
| Resource For college | BAEPS, Political Science |
| Arrived date list | July2015 |
| -- | February2016 |
| 700 1# - ADDED ENTRY--PERSONAL NAME | |
| Personal name | Shogimen, Takashi, |
| Dates associated with a name | 1967- |
| 700 1# - ADDED ENTRY--PERSONAL NAME | |
| Personal name | Nederman, Cary J. |
| 942 ## - ADDED ENTRY ELEMENTS (KOHA) | |
| Source of classification or shelving scheme | Dewey Decimal Classification |
| Withdrawn status | Lost status | Source of classification or shelving scheme | Damaged status | Not for loan | Koha collection | Home library | Current library | Shelving location | Date acquired | Source of acquisition | Cost, normal purchase price | Serial Enumeration / chronology | Total Checkouts | Total Renewals | Full call number | Barcode | Date last seen | Date last borrowed | Cost, replacement price | Koha item type |
|---|---|---|---|---|---|---|---|---|---|---|---|---|---|---|---|---|---|---|---|---|
| Dewey Decimal Classification | Baccah | Central Library | Central Library | First floor | 06/07/2015 | Purchase | 570.00 | 23125 | 2 | 7 | 320.01 WES | 000039300 | 15/07/2025 | 27/07/2021 | 713.00 | Book - Borrowing |